| 000 | 00376 a2200121 4500 | ||
|---|---|---|---|
| 000 | nam a22 7a 4500 | ||
| 005 | 20260302094837.0 | ||
| 020 | _a9788119808403 | ||
| 100 | _aBhagavan Das | ||
| 245 | _aYog Sutra Bhasya Kosh A Concordance-Dictionary To The Yoga-Sutra-S of Patanjali And The Bhashya Of Vyasa | ||
| 260 |
_bB.R. Publishing Corporation _c2025 |
||
| 942 | _cTEXL | ||
| 999 |
_c1680354 _d1680354 |
||